00994nam a2200229 a 450000100100000000500170001000800410002702000150006804000250008308200180010810000440012624501310017026000570030130000280035850000220038650400470040865000280045565000310048395201160051495201170063099900170074700002354220200930022308.0101210s2002 mx a 000 | spa d a9701880641 aDO-SdBNPbspacBNPHU a581.63bP944c1 aPérez Gutiérrez, Rosa Martha94853510aCompuestos aislados de plantas con actividad antiinflamatoria, antiviral e hipoglucemiante /cRosa Martha Pérez Gutiérrez. aMéxico :bInstituto Politécnico Nacional,c2002. a192 p. :bil. ;c23 cm. aIncluye índices aBibliografía : p. 67- 77-131-138-165-171 4aPlantas útiles948536 4aPlantas medicinales921554 001050718MOaGRbGRcCTd2010-12-10iLF1l0o581.63 P944cp23542-10r2020-06-25w2020-06-25y1ZNo se presta 0010507-18MOaPDbPDcOId2017-06-05iLF1l0o581.63 P944cp23542-20r2020-06-25w2020-06-25y1ZNo se presta c23038d23038